LIBRARY & INFORMATION CENTRE, KCAET, TAVANUR

ONLINE PUBLIC ACCESS CATALOGUE (OPAC)

Soil-Water Engineering: Field and Laboratory Manual (Record no. 6772)

MARC details
000 -LEADER
fixed length control field 00433cam a2200157ua 4500
020 ## - INTERNATIONAL STANDARD BOOK NUMBER
ISBN 9788172337230
082 ## - DEWEY DECIMAL CLASSIFICATION NUMBER
Classification number 624.1514
Item number TRO/SO
100 ## - MAIN ENTRY--AUTHOR NAME
Personal name Trout, Thomas J .
100 ## - MAIN ENTRY--AUTHOR NAME
Personal name Garcia-Castillas, Ignatious .
100 ## - MAIN ENTRY--AUTHOR NAME
Personal name Hart , William E.
245 ## - TITLE STATEMENT
Title Soil-Water Engineering: Field and Laboratory Manual
250 ## - EDITION STATEMENT
Edition statement 1 /
260 ## - PUBLICATION, DISTRIBUTION, ETC. (IMPRINT)
Place of publication Jaipur :
Name of publisher Academic Publisehrs ,
Year of publication 2012
300 ## - PHYSICAL DESCRIPTION
Number of Pages 178
942 ## - ADDED ENTRY ELEMENTS (KOHA)
Koha item type Reference
Holdings
Withdrawn status Lost status Damaged status Home library Current library Date acquired Full call number Accession Number Koha item type Collection code Shelving location Source of acquisition Cost, normal purchase price
      KAUAET KAUAET 07/04/2012 028.72631 16984 Reference        
      KAUAET KAUAET 07/04/2012 624.1514.TRO/SO 17849 Reference Reference Reference    
      KAUAET KAUAET 07/04/2012 028.72631 16983 Reference        
      KAUAET KAUAET 30/03/2013 631.45 TRO/SO 23896 Books Non-fiction General Stacks Neoti Book Agency 550.00
      KAUAET KAUAET 01/07/2016 631.45 TRO/SO 23702 Books   General Stacks Calicut Books, Calicut 550.00
free website counter